000 01195nam a22003377a 4500
003 CHAP
005 20220329135237.0
008 971013s1973 r 00010 d
010 _a33208
011 _a34180
035 _a38296
040 _cCHAP
090 _aTesis
100 0 0 _aNúñez Bueno, Ligia.
_981922
245 _aEfecto de condiciones diferentes de temperatura y luz, sobre algunas fases del ciclo biológico de la mosca mexicana de la fruta Anastrepha ludens (Loew)
260 _aMonterrey, N. L. :
_bEl autor,
_c1973
300 _a82 h.
502 _aTesis (M. C. Esp. en Parasitología Agrícola) -- ITESM. Escueal de Graduados
590 _aALEPH
_b10
_c20130110
_lUCH01
_h1257
590 _aBATCH-UPD
_b10
_c20130110
_lUCH01
_h0032
590 _aBATCH-UPD
_b10
_c20130110
_lUCH01
_h1928
590 _aBATCH-UPD
_b10
_c20130409
_lUCH01
_h2015
590 _aBATCH-UPD
_b10
_c20130914
_lUCH01
_h0328
590 _aCONVERSION
_b10
_c20130109
_lUCH01
_h1319
650 1 4 _aAnastrepha ludens.
_95487
650 1 4 _aLuz
_xEfecto en insectos.
_969235
650 1 4 _aTemperatura
_xEfecto en insectos.
_9112202
901 _aBK
942 _cTESIS
949 _bBC
_cTES
_d-87517
_eTS1
_i38296
_si
999 _c33208
_d33208